Living for life. : The interplay between agriculture and science /

Bibliographic Details
Corporate Author: Centrum voor Landbouwpublikaties en Landbouwdocumentatie (Netherlands)
Format: Book
Language:English
Dutch
Published: Wageningen : Centre for Agricultural Pub. and Documentation, 1968]
Subjects:

MARC

Tag First Indicator Second Indicator Subfields
LEADER 00000cam a22000001 4500
001 in00000242535
005 20151010050505.0
008 710519s1968 ne a b 00000 eng
010 |a  68116617  
015 |a Ne*** 
035 |a (OCoLC)00464007 
035 |9 ABA9982AM 
037 |c fl 25.- 
040 |a DLC  |c DLC  |d TXA  |d UtOrBLW 
041 1 |a eng  |a dut 
043 |a e-ne--- 
049 |a TXAM  |c [801174] 
050 0 0 |a S469.N4  |b L512 
082 0 |a 630/.72/0492 
240 1 0 |a Leven voor Leven. English 
245 0 0 |a Living for life. :  |b The interplay between agriculture and science /  |c [Translated by J. C. Rigg. 
264 1 |a Wageningen :  |b Centre for Agricultural Pub. and Documentation,  |c 1968] 
300 |a 168 pages with photos. ;  |c 27 cm. 
336 |a text  |b txt  |2 rdacontent 
337 |a unmediated  |b n  |2 rdamedia 
338 |a volume  |b nc  |2 rdacarrier 
500 |a Originally published under the title: Leven voor leven. 
504 |a Bibliographical references included in "Notes" (page 33). 
650 0 |a Agriculture  |x Research  |z Netherlands  |x Pictorial works. 
710 2 |a Centrum voor Landbouwpublikaties en Landbouwdocumentatie (Netherlands) 
999 |a MARS 
999 f f |s a14acc4b-a780-3b77-aa40-83f65346f676  |i 43c4a89f-b635-3adb-86f9-dfa08991b1f4  |t 0 
952 f f |p ric  |a Texas A&M University  |b Rellis Campus  |c Joint Library Facility  |d Remote Storage  |t 0  |e S469.N4 L512  |h Library of Congress classification  |i unmediated -- volume  |m A14805174445 
998 f f |a S469.N4 L512  |t 0  |l Remote Storage